Visualizzazione normale
Vista MARC
- Democritus,
di Personal Name
Records bibliografici associati: 1
001 - CONTROL NUMBER
- control field: 57109
003 - CONTROL NUMBER IDENTIFIER
- control field:
005 - DATE AND TIME OF LATEST TRANSACTION
- control field: 20180511090816.0
008 - FIXED-LENGTH DATA ELEMENTS
- fixed length control field: 180511|| aca||aabn | a|a d
040 ## - CATALOGING SOURCE
- Original cataloging agency:
- Transcribing agency:
100 ## - HEADING--PERSONAL NAME
- Personal name: Democritus,
- Dates associated with a name: ca. 460 a.C.- ca. 370 a.C.
- Form subdivision: Traduzione in italiano
670 ## - SOURCE DATA FOUND
- Source citation: Work cat.: ()0: Democritus, ca. 460 a. C.- ca. 370 a. C. 57108, Democrito :, c2007.